Revista de espiritualidad ignaciana : año XXX, número 91, 1999 /

Збережено в:
Бібліографічні деталі
Інші автори: Tetlow, Joseph A. (dirección) (dirección)
Формат: Книга
Опубліковано: Roma, Italia : Compañía de Jesús, Secretariado para la Espiritualidad Ignaciana, 1999, c1999
Теги: Додати тег
Немає тегів, Будьте першим, хто поставить тег для цього запису!

MARC

LEADER 00000nam^a2200000^a^4500
001 000450318
005 20250521000000.0
009 20260310123743.983
037 |a Acervo Xavier Clavigero 
091 |a FCA. 03307 
245 0 0 |a Revista de espiritualidad ignaciana :  |b año XXX, número 91, 1999 / 
264 4 |a Roma, Italia :  |b Compañía de Jesús, Secretariado para la Espiritualidad Ignaciana,  |c 1999, c1999 
300 |a 86 p. 
336 |a texto  |b txt  |2 rdacontenido 
337 |a sin mediación  |b n  |2 rdamedio 
338 |a volumen  |b nc  |2 rdasoporte 
649 |a XX 
700 |a Tetlow, Joseph A.  |e (dirección) 
910 |a Fondo Xavier Cacho Vázquez S.J. 
920 |a Impresos - Libros 
930 |a Fondos Especiales 
940 |a Jesuitas 
905 |a 131 
901 |a 0500377833  |b IT2  |c ESP  |i D  |u 20250521 
902 |a https://opac.biblio.iteso.mx/vufind/Record/000450318